[Event "Hradec Kralove Region-chT 0506"]
[Site "Czech Republic"]
[Date "2006.01.08"]
[Round "5.2"]
[White "Fiser, Martin"]
[Black "Cerovsky, Marek"]
[Result "0-1"]
[WhiteElo "1973"]
[BlackElo "1930"]
[PlyCount "70"]
[EventDate "2005.10.23"]
[EventType "team-tourn"]
[EventRounds "11"]
[EventCountry "CZE"]
[SourceTitle "EXT 2024"]
[Source "ChessBase"]
[SourceDate "2023.10.10"]
[SourceVersion "1"]
[SourceVersionDate "2023.10.10"]
[SourceQuality "1"]
[WhiteTeam "Lipa III"]
[BlackTeam "Dvur Kralove nad Labem"]
[WhiteTeamCountry "CZE"]
[BlackTeamCountry "CZE"]

1. d4 d5 2. Nf3 Nf6 3. Nbd2 Bg4 4. Ne5 Bh5 5. g3 e6 6. Bg2 c5 7. dxc5 Bxc5 8. 0-0 0-0 9. Nd3 Be7 10. b3 Nc6 11. Bb2 Rc8 12. a3 b5 13. Qe1 a5 14. Rc1 b4 15. a4 Qb6 16. e3 Rc7 17. h3 Rfc8 18. f4 Nd8 19. Bd4 Qb7 20. e4 Rxc2 21. Rxc2 Rxc2 22. exd5 Nxd5 23. g4 Qa6 24. Ne5 Bg6 25. f5 Bg5 26. Ndc4 Nf4 27. Be4 Re2 28. Qb1 exf5 29. gxf5 Bh5 30. Nf3 Nxh3+ 31. Kh1 Qh6 32. Bd3 Bxf3+ 33. Rxf3 Nf4+ 34. Kg1 Qh2+ 35. Kf1 Qg2# 0-1

[Event "Hradec Kralove Region-chT 0506"]
[Site "Czech Republic"]
[Date "2005.11.27"]
[Round "3.1"]
[White "Jiruse, Josef"]
[Black "Fiser, Martin"]
[Result "1-0"]
[WhiteElo "2127"]
[BlackElo "1973"]
[PlyCount "83"]
[EventDate "2005.10.23"]
[EventType "team-tourn"]
[EventRounds "11"]
[EventCountry "CZE"]
[SourceTitle "EXT 2024"]
[Source "ChessBase"]
[SourceDate "2023.10.10"]
[SourceVersion "1"]
[SourceVersionDate "2023.10.10"]
[SourceQuality "1"]
[WhiteTeam "Hradec Kralove Slavia III"]
[BlackTeam "Lipa III"]
[WhiteTeamCountry "CZE"]
[BlackTeamCountry "CZE"]

1. f4 d5 2. b3 Nf6 3. Nf3 e6 4. e3 Nbd7 5. Bb2 b6 6. Bb5 Bd6 7. 0-0 0-0 8. Bc6 Ba6 9. d3 Rb8 10. a4 Qe7 11. Ne5 Bb7 12. Nd2 a5 13. Ndf3 Nc5 14. Qe1 Ne8 15. Nd4 Bxe5 16. fxe5 Rc8 17. Ba3 Bxc6 18. Nxc6 Qd7 19. Nxa5 f6 20. Bxc5 bxc5 21. d4 c6 22. dxc5 Qc7 23. b4 Qxe5 24. c3 f5 25. Nb3 Nf6 26. b5 cxb5 27. axb5 Ne4 28. c6 Rb8 29. Nd4 g6 30. Ra7 Qf6 31. c7 Rb6 32. Nc6 Nd6 33. Qg3 Nxb5 34. c8Q Rxc6 35. Qxc6 Nxa7 36. Qb7 Rf7 37. Qbb8+ Kg7 38. Qbe5 Nb5 39. Rb1 Nxc3 40. Qxf6+ Kxf6 41. Qh4+ Kg7 42. Qd4+ 1-0

[Event "Hradec Kralove Region-chT 0506"]
[Site "Czech Republic"]
[Date "2005.11.13"]
[Round "2.2"]
[White "Minovsky, Roman"]
[Black "Fiser, Martin"]
[Result "0-1"]
[WhiteElo "1935"]
[BlackElo "1973"]
[PlyCount "72"]
[EventDate "2005.10.23"]
[EventType "team-tourn"]
[EventRounds "11"]
[EventCountry "CZE"]
[SourceTitle "EXT 2024"]
[Source "ChessBase"]
[SourceDate "2023.10.10"]
[SourceVersion "1"]
[SourceVersionDate "2023.10.10"]
[SourceQuality "1"]
[WhiteTeam "Lipa II"]
[BlackTeam "Lipa III"]
[WhiteTeamCountry "CZE"]
[BlackTeamCountry "CZE"]

1. c4 Nf6 2. Nc3 c5 3. g3 Nc6 4. Bg2 g6 5. e3 Qb6 6. Nge2 e5 7. 0-0 Bg7 8. d3 0-0 9. Na4 Qc7 10. Nxc5 d6 11. Nb3 Ne7 12. Bd2 Rb8 13. Rc1 Be6 14. Bc3 Rfc8 15. Nd2 Qd7 16. b3 a6 17. d4 exd4 18. Nxd4 d5 19. Nxe6 Qxe6 20. Qe2 dxc4 21. Nxc4 b5 22. Nd2 Ned5 23. Bd4 Rd8 24. Rc5 Bf8 25. Bxf6 Bxc5 26. Bxd8 Rxd8 27. Ne4 Be7 28. Rc1 f5 29. Nc3 Nf6 30. Rd1 Rc8 31. Nd5 Kg7 32. Qb2 Kh6 33. Nf4 Qf7 34. Nd5 Bd8 35. Qe5 Ng4 36. h3 Nxe5 0-1